Missing Word: 'Back' Songs Quiz Stats

 Plays Quiz Updated Oct 10, 2012

Support Sporcle.
Go Orange.
Score 0/20 Timer 03:00
1 Play Today
Song Missing Word % Correct
Back in _____Black
91.5%
The _____ Are Back in TownBoys
91.4%
We Are _____ Ever Getting Back TogetherNever
91%
If I Could Turn Back _____Time
90.3%
It's All Coming Back to Me _____Now
87.8%
I _____ You BackWant
87.2%
I Won't Back _____Down
84.8%
Come Back to _____Me
83.4%
_____ Got BackBaby
80.2%
Lookin' Out My Back _____Door
77.3%
Song Missing Word % Correct
Tilt Ya _____ BackHead
67.6%
_____ BackGet
55.2%
_____BackSexy
54.1%
Back in the _____ Life AgainHigh
34.7%
Back & _____Forth
34.2%
Back 2 _____Good
29.3%
_____ Back the YearsHolding
22.3%
Back in the _____U.S.A.
19.5%
_____ BackTop
11.2%
_____ Me BackPullin'
3.1%

Today's Daily Dose

From the Vault

25 Years of Television Beginnings VI

by qlh27

A good TV beginning does not necessarily lead to a good ending.
Remove Ads.
Support Sporcle.
Get the best of Sporcle when you Go Orange. This ad-free experience offers more features, more stats, and more fun while also helping to support Sporcle. Thank you for becoming a member.

Show Comments

Extras

Top Quizzes Today


Score Distribution

Your Account Isn't Verified!

In order to create a playlist on Sporcle, you need to verify the email address you used during registration. Go to your Sporcle Settings to finish the process.

Report this User

Report this user for behavior that violates our Community Guidelines.

Details: